000 01197nam2a22002411 4500
001 rc\4933502
005 20250612205851.0
035 _a(NLR Aleph) 008847535
090 _a8380255
_c8380255
100 _a20130426d1967 |||y0rusy50 ca
101 0 _arus
102 _aRU
105 _aa z |||||
200 1 _aКонические и гипоидные зубчатые колеса
_fКафедра № 26
210 _d1967
_aБ. м.
215 _a40 с., 2 л. ил.
_cил.
333 _aНа правах рукописи
461 0 _1001rc\4933499
_12001#$aДетали машин$eПроект учебника$eВып. 1-$fВоен. ордена Ленина краснознам. акад. бронетанковых войск$vВып. 12
_1700#1$aРотенберг$bР.В.$gРоберт Владимирович
_98380240
_aРотенберг, Р.В.
_cМосква
_d1966
_fВоен. ордена Ленина краснознам. акад. бронетанковых войск
_nБ. и.
_oПроект учебника : Вып. 1-
_tДетали машин
_vВып. 12
801 0 _aRU
_bNLR
_gpsbo
801 1 _aRU
_bELAR
_2rusmarc
852 _aNLR
_j50к/5616
942 _cBOOK
980 _aNB